000
00175nam a2200097Ia 4500
100
_a
kuldeep sareen
942
_c
RB
245
_a
CAD/CAM
260
_b
#N/A
546
_a
ENGLISH
999
_c
30254
_d
30254